XI Roku 2010 Polskich Piłkarzy (wg Tygodnika "Piłka Nożna") - Statystyki

Ogólne statystyki
  • Ten quiz został rozwiązany 88 razy
  • Średni wynik to 7 z 11
Statystyki odpowiedzi
Pozycja Klub Zawodnik % Poprawnych
PO Dortmund Łukasz Piszczek
100%
N Lech/Dortmund Robert Lewandowski
100%
PS Dortmund Jakub Błaszczykowski
97%
BR Celtic/Fiorentina Artur Boruc
93%
N Auxerre Ireneusz Jeleń
76%
ŚPO Lille Ludovic Obraniak
70%
LO/ŚPD Auxerre Dariusz Dudka
55%
ŚPD Rubin Rafał Murawski
47%
ŚO Lech Bartosz Bosacki
34%
ŚPD Koln Adam Matuszczyk
33%
ŚO Atromitos Marcin Baszczyński
16%
Nie znaleziono quizów pasujących do podanych kryteriów
Rozkład punktacji
Procent ludzi z każdym wynikiem
Percentyl według liczby udzielonych odpowiedzi
Twoja historia wyników
Nie rozwiązałeś tego quizu